| 000 | 00586nam a22001937a 4500 | ||
|---|---|---|---|
| 999 |
_c8002 _d8002 |
||
| 003 | BD-JhCC | ||
| 005 | 20180717104124.0 | ||
| 008 | 180217b ii ||||| |||| 00| 0 ben d | ||
| 035 | _a(BD-JhCC) | ||
| 040 |
_aBD-JhCC _dBD-JhCC |
||
| 041 | _aben | ||
| 082 |
_a370 _bSEN |
||
| 100 | _aসেনগুপ্ত, শ্রীসুবোধকুমার | ||
| 245 |
_aভারতীয় সভ্যতা / _c শ্রীসুবোধকুমার সেনগুপ্ত |
||
| 300 |
_a720 p. : _c22 cm. |
||
| 650 | _aEducation System | ||
| 942 |
_2ddc _cBK |
||